[Event "Collado Villalba Grupo Gallinero op 1st"]
[Site "Collado Villalba"]
[Date "2022.08.17"]
[Round "9"]
[White "Mejias Gonzalez, Pedro"]
[Black "Baeza Escudero, Javier"]
[Result "0-1"]
[WhiteElo "1483"]
[BlackElo "1877"]
[PlyCount "46"]
[EventDate "2022.08.12"]
[EventType "swiss"]
[EventRounds "9"]
[EventCountry "ESP"]
[SourceTitle "CBM 210 Extra"]
[Source "ChessBase"]
[SourceDate "2022.11.30"]
[SourceVersion "1"]
[SourceVersionDate "2022.11.30"]
[SourceQuality "1"]

1. b3 e5 2. Bb2 d6 3. d3 Nf6 4. e4 Be7 5. Nf3 0-0 6. Be2 Nc6 7. 0-0 Re8 8. c4 Nb8 9. Nc3 c6 10. h3 Nbd7 11. a3 Nf8 12. b4 Ng6 13. Bc1 Bf8 14. Be3 d5 15. cxd5 cxd5 16. Bg5 d4 17. Nd5 Be7 18. Bxf6 Bxf6 19. Rc1 Rb8 20. Qc2 Be6 21. Nxf6+ Qxf6 22. Qd2 Nf4 23. Nh2 Qg5 0-1

[Event "Madrid-ch sf"]
[Site "Madrid"]
[Date "2022.05.10"]
[Round "7"]
[White "Santamaria Baeza, Adolfo"]
[Black "Baeza Escudero, Javier"]
[Result "1-0"]
[WhiteElo "1870"]
[BlackElo "1874"]
[PlyCount "85"]
[EventDate "2022.05.04"]
[EventType "swiss"]
[EventRounds "9"]
[EventCountry "ESP"]
[SourceTitle "EXT 2023"]
[Source "ChessBase"]
[SourceDate "2022.10.05"]
[SourceVersion "1"]
[SourceVersionDate "2022.10.05"]
[SourceQuality "1"]

1. e4 e6 2. d4 d5 3. e5 c5 4. c3 Nc6 5. Nf3 Qb6 6. a3 f6 7. Be2 fxe5 8. dxe5 Nh6 9. b4 Nf7 10. Bf4 Qc7 11. Bd3 Be7 12. b5 Na5 13. 0-0 Bd7 14. a4 a6 15. bxa6 bxa6 16. Qe2 Nb3 17. Ra2 c4 18. Bc2 0-0 19. Nbd2 Rfb8 20. Rb1 Nc5 21. Nd4 Qa5 22. Qf3 Rxb1+ 23. Nxb1 Rf8 24. Qh3 Ne4 25. Bxe4 dxe4 26. Qg3 Rb8 27. Nd2 Bc5 28. h4 Bxd4 29. cxd4 c3 30. Nxe4 c2 31. Nf6+ Kh8 32. Nxd7 Qe1+ 33. Kh2 Rb1 34. Qa3 Rb4 35. Rxc2 g5 36. Qg3 Rb1 37. Rc8+ Kg7 38. Kh3 Qh1+ 39. Kg4 Rb3 40. f3 gxf4 41. Kxf4+ Kh6 42. Nf6 Rxf3+ 43. gxf3 1-0

[Event "Madrid-ch Previa-B"]
[Site "Madrid"]
[Date "2022.03.19"]
[Round "7"]
[White "Baeza Escudero, Javier"]
[Black "Feal Albala, Alonso"]
[Result "0-1"]
[WhiteElo "1849"]
[BlackElo "1809"]
[PlyCount "76"]
[EventDate "2022.03.03"]
[EventType "swiss"]
[EventRounds "9"]
[EventCountry "ESP"]
[SourceTitle "EXT 2023"]
[Source "ChessBase"]
[SourceDate "2022.10.05"]
[SourceVersion "1"]
[SourceVersionDate "2022.10.05"]
[SourceQuality "1"]

1. e4 c5 2. Nf3 Nc6 3. d4 cxd4 4. Nxd4 Nf6 5. Nc3 e5 6. Ndb5 d6 7. Bg5 a6 8. Na3 b5 9. Bxf6 gxf6 10. Nd5 f5 11. g3 fxe4 12. Bg2 Bf5 13. g4 Rg8 14. Ne3 Bg6 15. c3 Bh6 16. Nac2 Bg5 17. Qd5 Ne7 18. Qb7 d5 19. Rd1 Bxe3 20. Nxe3 d4 21. cxd4 exd4 22. Rxd4 Qxd4 23. Qxa8+ Kd7 24. Qb7+ Ke8 25. 0-0 Kf8 26. Rd1 Qe5 27. b3 Qe6 28. h4 h5 29. g5 Kg7 30. Rd4 Qe5 31. Rd7 Nf5 32. Nxf5+ Qxf5 33. Qxa6 Qxd7 34. Qf6+ Kh7 35. Bxe4 Qg4+ 36. Bg2 Rc8 37. Qb2 Be4 38. f3 Bxf3 0-1

[Event "Madrid-ch Previa-B"]
[Site "Madrid"]
[Date "2022.03.12"]
[Round "5"]
[White "Santamaria Baeza, Adolfo"]
[Black "Baeza Escudero, Javier"]
[Result "1-0"]
[WhiteElo "1875"]
[BlackElo "1849"]
[PlyCount "107"]
[EventDate "2022.03.03"]
[EventType "swiss"]
[EventRounds "9"]
[EventCountry "ESP"]
[SourceTitle "EXT 2023"]
[Source "ChessBase"]
[SourceDate "2022.10.05"]
[SourceVersion "1"]
[SourceVersionDate "2022.10.05"]
[SourceQuality "1"]

1. e4 e6 2. d4 d5 3. e5 c5 4. c3 Nc6 5. Nf3 Qb6 6. Be2 f6 7. 0-0 fxe5 8. dxe5 g6 9. b3 Bg7 10. Bf4 Nge7 11. Bd3 0-0 12. Bg5 Qc7 13. Qe2 Bd7 14. Nbd2 Rae8 15. Rfe1 a6 16. Rac1 Nd8 17. Bh4 Bc6 18. Ng5 h6 19. Ngf3 Nf5 20. Bg3 b5 21. Nh4 Qf7 22. Nxf5 exf5 23. f4 Ne6 24. Nf3 Rd8 25. Qf1 Rfe8 26. b4 Rc8 27. bxc5 Nxc5 28. Bb1 Ne4 29. Nd4 Bd7 30. Bxe4 dxe4 31. Re3 Rc7 32. a4 Rec8 33. axb5 axb5 34. Nxb5 Bxb5 35. Qxb5 Bf8 36. Bf2 Qa2 37. Rg3 Kh7 38. Bd4 Qd2 39. Rf1 Qa2 40. h4 h5 41. Rf2 Qe6 42. Kh2 Be7 43. Kh3 Bd8 44. Re3 Qe7 45. g3 Rb7 46. Qa6 Rcb8 47. Rd2 Rb1 48. Ree2 Rh1+ 49. Rh2 Re1 50. Bf2 Rc1 51. e6 Kh6 52. Rd7 Qe8 53. Qa7 Qg8 54. Qxb8 1-0

[Event "Madrid-ch Previa-B"]
[Site "Madrid"]
[Date "2022.03.11"]
[Round "4"]
[White "Baeza Escudero, Javier"]
[Black "Rodriguez Avila, Alvaro"]
[Result "1/2-1/2"]
[WhiteElo "1849"]
[BlackElo "1949"]
[PlyCount "127"]
[EventDate "2022.03.03"]
[EventType "swiss"]
[EventRounds "9"]
[EventCountry "ESP"]
[SourceTitle "EXT 2023"]
[Source "ChessBase"]
[SourceDate "2022.10.05"]
[SourceVersion "1"]
[SourceVersionDate "2022.10.05"]
[SourceQuality "1"]

1. e4 c5 2. Nf3 g6 3. d4 cxd4 4. Qxd4 Nf6 5. Nc3 Nc6 6. Qa4 d6 7. e5 dxe5 8. Nxe5 Bd7 9. Nxd7 Qxd7 10. Bb5 Bg7 11. 0-0 0-0 12. Bg5 Qf5 13. Bh4 Ne5 14. Rad1 a6 15. Be2 Rfd8 16. h3 b5 17. Rxd8+ Rxd8 18. Qxa6 b4 19. Qb6 Rd2 20. Qb8+ Bf8 21. Qxb4 Qxc2 22. Bd1 Qxb2 23. Qxb2 Rxb2 24. Bb3 Bh6 25. Rd1 Kg7 26. Kf1 Rd2 27. Rxd2 Bxd2 28. Nd5 Nc6 29. Nxf6 exf6 30. Ke2 Bc1 31. Bg3 Nd4+ 32. Kd3 Bb2 33. Bd6 Nb5 34. Bc5 Na3 35. Ba4 h5 36. Bc6 g5 37. Bd4 Bxd4 38. Kxd4 Kf8 39. Kc3 Ke7 40. Kb3 Nb1 41. a4 Kd6 42. Be8 Nd2+ 43. Kb4 Ne4 44. f3 Nc5 45. Bxf7 h4 46. Bg6 Ne6 47. Bd3 Nf4 48. Bf1 Nd5+ 49. Kb5 Ne3 50. Bc4 Kc7 51. a5 Kb7 52. Kc5 Nxg2 53. Kd4 Nf4 54. Bf1 Ne6+ 55. Ke4 Ng7 56. Kd5 Kc7 57. Bd3 Nh5 58. Ke4 Ng3+ 59. Ke3 f5 60. f4 g4 61. Kf2 gxh3 62. Kg1 Nh5 63. Bxf5 Nxf4 64. Kh2 1/2-1/2

[Event "Madrid-ch Previa-B"]
[Site "Madrid"]
[Date "2022.03.05"]
[Round "3"]
[White "Lozano Freras, Sergio"]
[Black "Baeza Escudero, Javier"]
[Result "0-1"]
[WhiteElo "1990"]
[BlackElo "1849"]
[PlyCount "64"]
[EventDate "2022.03.03"]
[EventType "swiss"]
[EventRounds "9"]
[EventCountry "ESP"]
[SourceTitle "EXT 2023"]
[Source "ChessBase"]
[SourceDate "2022.10.05"]
[SourceVersion "1"]
[SourceVersionDate "2022.10.05"]
[SourceQuality "1"]

1. e4 e6 2. d4 d5 3. Nd2 a6 4. Ngf3 c5 5. exd5 exd5 6. c3 Nc6 7. Bd3 Nf6 8. 0-0 cxd4 9. Nxd4 Nxd4 10. cxd4 Be7 11. Qb3 0-0 12. Nf3 Re8 13. Bf4 Ne4 14. Ne5 Ng5 15. Be3 Bf6 16. f4 Ne6 17. Rac1 g6 18. Be2 b5 19. Bf3 Bb7 20. a4 Qb6 21. Nd7 Nxd4 22. Nxb6 Nxb3 23. Rc7 Rxe3 24. Rxb7 Bd4 25. Kh1 Rae8 26. Bxd5 Re1 27. Bxf7+ Kh8 28. h4 Rxf1+ 29. Kh2 Bg1+ 30. Kg3 Nc5 31. Rc7 Ne4+ 32. Kg4 Bxb6 0-1

[Event "Madrid-ch Previa-B"]
[Site "Madrid"]
[Date "2021.02.06"]
[Round "3"]
[White "Baeza Escudero, Javier"]
[Black "Pulido Martinez, Carlos"]
[Result "1-0"]
[WhiteElo "1888"]
[BlackElo "1382"]
[PlyCount "63"]
[EventDate "2021.02.04"]
[EventType "swiss"]
[EventRounds "9"]
[EventCountry "ESP"]
[SourceTitle "EXT 2022"]
[Source "ChessBase"]
[SourceDate "2021.10.06"]
[SourceVersion "1"]
[SourceVersionDate "2021.10.06"]
[SourceQuality "1"]

1. e4 e5 2. Nf3 Nc6 3. d4 exd4 4. Nxd4 Nf6 5. Nxc6 bxc6 6. e5 Qe7 7. Qe2 Nd5 8. c4 Nb6 9. Nc3 Qe6 10. b3 d5 11. exd6 cxd6 12. Ba3 a5 13. 0-0-0 c5 14. Nb5 Kd7 15. Qxe6+ fxe6 16. Bxc5 Kc6 17. Bxd6 Bxd6 18. Rxd6+ Kb7 19. g3 Ra6 20. Bg2+ Kb8 21. Rhd1 Bb7 22. Rd8+ Rxd8 23. Rxd8+ Nc8 24. Bxb7 Kxb7 25. Rd7+ Kb8 26. Rxg7 h5 27. Rh7 Rc6 28. Rxh5 Nd6 29. Nxd6 Rxd6 30. Re5 Rd3 31. Rxe6 Rf3 32. Re2 1-0

[Event "Madrid-ch Previa-A"]
[Site "Madrid"]
[Date "2020.02.04"]
[Round "2"]
[White "Fernandez Garcia, Ignacio"]
[Black "Baeza Escudero, Javier"]
[Result "1/2-1/2"]
[WhiteElo "1755"]
[BlackElo "1884"]
[PlyCount "131"]
[EventDate "2020.02.03"]
[EventType "swiss"]
[EventRounds "9"]
[EventCountry "ESP"]
[SourceTitle "EXT 2021"]
[Source "ChessBase"]
[SourceDate "2020.10.23"]
[SourceVersion "1"]
[SourceVersionDate "2020.10.23"]
[SourceQuality "1"]

1. d4 Nf6 2. Bg5 e6 3. e4 h6 4. Bxf6 Qxf6 5. Nf3 c5 6. Nc3 cxd4 7. e5 Qd8 8. Qxd4 Nc6 9. Qe4 a6 10. a3 b5 11. b4 Bb7 12. Qe3 Rc8 13. Ne4 Qc7 14. Ned2 d6 15. exd6 Bxd6 16. Bd3 Ne7 17. 0-0 0-0 18. c4 Bf4 19. Qe2 Bxf3 20. Nxf3 bxc4 21. Bc2 Rfd8 22. g3 Bd6 23. Rad1 Nd5 24. Qe4 Nf6 25. Qe2 Be7 26. Ne5 Rd5 27. Rxd5 exd5 28. Re1 Bd6 29. Nf3 Re8 30. Qd2 Rxe1+ 31. Qxe1 Qe7 32. Kf1 Ne4 33. Nd4 Qf6 34. Qe3 Be5 35. Nf3 Qxf3 36. Qxf3 Nd2+ 37. Ke2 Nxf3 38. Kxf3 Kf8 39. Ba4 Bb2 40. Bc6 d4 41. b5 axb5 42. Bxb5 c3 43. Bd3 Bxa3 44. Ke4 Bc5 45. Kd5 Ba7 46. f4 Ke7 47. g4 Kf6 48. h4 g6 49. g5+ Kg7 50. Ke5 Bb6 51. Ke4 f6 52. Kd5 hxg5 53. fxg5 f5 54. Ke5 Kf7 55. h5 gxh5 56. Kxf5 Bd8 57. Ke4 Bxg5 58. Kxd4 Bd2 59. Ke4 Ke6 60. Kf3 Ke5 61. Kg3 Kd4 62. Bc2 Be1+ 63. Kg2 Ke3 64. Kh1 Bg3 65. Kg2 h4 66. Kh1 1/2-1/2

[Event "Madrid-ch Previa-B"]
[Site "Madrid"]
[Date "2019.02.08"]
[Round "4"]
[White "Baeza Escudero, Javier"]
[Black "Moratalla Garcia, Joaquin"]
[Result "1-0"]
[WhiteElo "1895"]
[BlackElo "1603"]
[PlyCount "87"]
[EventDate "2019.02.01"]
[EventType "swiss"]
[EventRounds "9"]
[EventCountry "ESP"]
[SourceTitle "CBM 189 Extra"]
[Source "ChessBase"]
[SourceDate "2019.06.03"]
[SourceVersion "1"]
[SourceVersionDate "2019.06.03"]
[SourceQuality "1"]

1. e4 c5 2. Nf3 d6 3. d4 cxd4 4. Nxd4 Nf6 5. Nc3 e6 6. Bg5 Be7 7. Qd2 Nc6 8. 0-0-0 Bd7 9. Kb1 a6 10. f4 h6 11. Bh4 Nxd4 12. Qxd4 Bc6 13. Rg1 d5 14. e5 Nd7 15. Bxe7 Qxe7 16. Be2 Qc5 17. Qxc5 Nxc5 18. Bf3 Ke7 19. Ne2 Rhd8 20. Nd4 Be8 21. g4 g5 22. f5 Rac8 23. f6+ Kf8 24. h4 Nd7 25. Rde1 Kg8 26. hxg5 hxg5 27. Rh1 Nf8 28. Rh5 Ng6 29. Rxg5 Rc7 30. Rxg6+ fxg6 31. Nxe6 Rcd7 32. Nxd8 Rxd8 33. e6 Rd6 34. f7+ Bxf7 35. exf7+ Kxf7 36. Re5 Rf6 37. Bxd5+ Kf8 38. b3 Rf1+ 39. Kb2 Rg1 40. Re4 b6 41. Bb7 a5 42. Bc8 Kg7 43. Re7+ Kf6 44. Rb7 1-0

[Event "Collado Villalba op-A 35th"]
[Site "Collado Villalba"]
[Date "2018.08.30"]
[Round "7"]
[White "Semprun Martinez, Fernando M"]
[Black "Baeza Escudero, Javier"]
[Result "1-0"]
[WhiteElo "2145"]
[BlackElo "1941"]
[PlyCount "83"]
[EventDate "2018.08.24"]
[EventType "swiss"]
[EventRounds "9"]
[EventCountry "ESP"]
[SourceTitle "CBM 186 Extra"]
[Source "ChessBase"]
[SourceDate "2018.08.24"]
[SourceVersion "1"]
[SourceVersionDate "2018.08.24"]
[SourceQuality "1"]

1. e4 e6 2. d4 d5 3. Nc3 Nf6 4. e5 Nfd7 5. f4 c5 6. Nf3 Nc6 7. Be3 Qb6 8. Na4 Qc7 9. dxc5 Nxc5 10. Nxc5 d4 11. Nxe6 Bb4+ 12. Bd2 Bxd2+ 13. Qxd2 Bxe6 14. Nxd4 0-0-0 15. Nxe6 fxe6 16. Bd3 g5 17. g3 Rd4 18. 0-0-0 Rhd8 19. Kb1 gxf4 20. gxf4 Nb4 21. Rhg1 Kb8 22. a3 Nd5 23. f5 exf5 24. Qg5 f4 25. Rde1 f3 26. Rgf1 Rc8 27. Qf5 Nf4 28. Rxf3 Nxd3 29. cxd3 Qc2+ 30. Ka2 Rd5 31. Rf2 Qc5 32. Rff1 Rcd8 33. Rc1 Qe7 34. Rfe1 Rxd3 35. e6 R3d6 36. Rc3 Rb6 37. Qf7 Re8 38. Rce3 a6 39. Qf5 Rf8 40. Qe5+ Ka8 41. Rc3 Rf2 42. Rc8+ 1-0

[Event "Madrid-ch Previa-B"]
[Site "Madrid"]
[Date "2018.02.02"]
[Round "2"]
[White "Farinas Lucas, Juan Antonio"]
[Black "Baeza Escudero, Javier"]
[Result "0-1"]
[WhiteElo "1548"]
[BlackElo "1884"]
[PlyCount "90"]
[EventDate "2018.02.01"]
[EventType "swiss"]
[EventRounds "9"]
[EventCountry "ESP"]
[SourceTitle "EXT 2020"]
[Source "ChessBase"]
[SourceDate "2019.10.17"]
[SourceVersion "1"]
[SourceVersionDate "2019.10.17"]
[SourceQuality "1"]

1. e4 e6 2. d4 d5 3. Nc3 Nf6 4. Bg5 Be7 5. e5 Nfd7 6. Bxe7 Qxe7 7. Qg4 0-0 8. Nf3 c5 9. Be2 Nc6 10. dxc5 Ndxe5 11. Nxe5 Nxe5 12. Qb4 Nc6 13. Qa3 Nd4 14. 0-0 Nxc2 15. Qa5 Nxa1 16. Rxa1 Bd7 17. Qc7 Rab8 18. Nb5 Qd8 19. Qd6 Bxb5 20. Bxb5 Qxd6 21. cxd6 Rfd8 22. d7 a6 23. Ba4 b5 24. Bb3 Rxd7 25. Rc1 Rdd8 26. g3 Rbc8 27. Rd1 Rc7 28. Kg2 Rdc8 29. Rd2 Kf8 30. Kf3 a5 31. a4 bxa4 32. Bxa4 Rc4 33. b3 Rc2 34. Ke3 R8c3+ 35. Ke2 Ke7 36. Kd1 Rxd2+ 37. Kxd2 d4 38. f4 Kd6 39. g4 Rh3 40. Bb5 Rxb3 41. Be2 Rh3 42. f5 e5 43. Bc4 Rxh2+ 44. Kd3 Rh3+ 45. Ke4 Re3# 0-1